000
00285nam a22001337a 4500
008
171021b xxu||||| |||| 00| 0 eng d
020
_a
9781591393016
041
_a
eng
080
_a
658
100
_a
54
101
_a
LID
245
_a
FIRING BACK
_c
SONNENFELD, J
942
_2
udc
_c
BK
999
_c
35330
_d
35330